History Quiz

Random History or Clickable Quiz
Score 0/18 Timer 03:00
3 Plays Today
% Correct
Kennedy, John F.
93.6%
Lincoln, Abraham
91%
Nixon, Richard
89.5%
Roosevelt, Franklin D.
88.6%
Johnson, Lyndon B.
85.9%
Ford, Gerald
85.4%
McKinley, William
84.8%
Harrison, William Henry
84.5%
Garfield, James A.
82.7%
% Correct
Johnson, Andrew
76.7%
Truman, Harry S.
70.1%
Harding, Warren G.
66.5%
Arthur, Chester A.
65.8%
Taylor, Zachary
60.6%
Roosevelt, Theodore
60.3%
Tyler, John
59.1%
Coolidge, Calvin
55.4%
Fillmore, Millard
54.8%
Remove Ads.
Support Sporcle.
Get the best of Sporcle when you Go Orange. This ad-free experience offers more features, more stats, and more fun while also helping to support Sporcle. Thank you for becoming a member.

You're not logged in!

Compare scores with friends on all Sporcle quizzes.
OR
Log In

Show Comments

Extras

Top Quizzes Today


Score Distribution

Your Account Isn't Verified!

In order to create a playlist on Sporcle, you need to verify the email address you used during registration. Go to your Sporcle Settings to finish the process.

Report this User

Report this user for behavior that violates our Community Guidelines.

Details: